南昌地铁1号线 - Statistics

General Stats
  • This quiz has been taken 12 times
  • The average score is 14 of 24
Answer Stats
Answer % Correct
地铁大厦
80%
秋水广场
80%
滕王阁
80%
八一馆
80%
八一广场
80%
万寿宫
70%
瑶湖西
70%
双港
60%
庐山南大道
60%
艾溪湖西
60%
艾溪湖东
60%
孔目湖
50%
珠江路
50%
绿茵路
50%
卫东
50%
丁公路北
50%
谢家村
50%
青山湖大道
50%
奥体中心
50%
长江路
40%
师大南路
40%
彭家桥
40%
高新大道
40%
太子殿
40%
No matching quizzes found
Score Distribution
Percent of People with Each Score
Percentile by Number Answered
Your Score History
You have not taken this quiz